Provincias del Río de la Plata en 1783 con un Mapa - Estadísticas

Estadísticas generales
  • Esta prueba ha sido intentada 43 veces
  • La puntuación promedio es 7 de 13
Respuestas en el mapa
Las respuestas están codificadas por una escala verde-roja en el mapa de la prueba según el % correcto abajo.
 
Estadísticas de respuestas
Respuesta % Correcto
Intendencia Intendencia de Buenos Aires
100%
Intendencia Intendencia de Córdoba
89%
Gobernación Gobernación de Montevideo
86%
Intendencia Intendencia de La Paz
62%
Intendencia Intendencia de Paraguay
62%
Gobernación Gobernación de Misiones
59%
Intendencia Intendencia de Salta
57%
Intendencia Intendencia de Potosí
46%
Gobernación Gobernación de Malvinas
35%
Intendencia Intendencia de Cochabamba
35%
Intendencia Intendencia de Charcas
16%
Gobernación Gobernación de Chiquitos
11%
Gobernación Gobernación de Moxos
11%
No se encontraron pruebas coincidentes
Distribución de puntuación
Porcentaje de gente con cada puntuación
Porcentaje por número respondido
Historial de tus puntuaciones
No has intentado esta prueba.